000 00600nam a2200229Ia 4500
005 20250108125022.0
008 008 250107s9999 xx 000 0 eng d
020 _a978-93-5231-134-7
037 _aTB
040 _aCRL
_beng
_cCRL
041 _aeng
_2eng
084 _az2xN7 N7
084 _qCRL
100 _aTiwari Praveen Au.
_9730273
245 0 _aGreat Indian conspiracy
_cTiwari Praveen Au.
260 _aNew Delhi, India
_bBloomsbury
_c3028
300 _axiii,277p.
365 _aINR
_b450
650 _aSOCIOLOGY
942 _cTB
_hz2xN7 N7
999 _c1235416
_d1235416